| 000 | 01624cam a22004937a 4500 | ||
|---|---|---|---|
| 003 | CHAP | ||
| 005 | 20220817043502.0 | ||
| 008 | 981028d1995 it rf 11 spa d | ||
| 010 | _a76474 | ||
| 011 | _a77446 | ||
| 020 | _a9253032588 | ||
| 035 | _a87053 | ||
| 040 | _cCHAP | ||
| 082 | 0 | 4 |
_a636.08947 _bF3Y 1995 |
| 110 | 2 | _aFAO | |
| 245 | 1 | 0 |
_aManual para el personal auxiliar de sanidad animal primaria _c/por FAO |
| 250 | _aed. rev. | ||
| 260 |
_aRoma : _bFAO, _c1995. |
||
| 300 |
_a323 p. : _bilus. |
||
| 410 | 2 | _aFAO | |
| 590 |
_aBATCH-UPD _b10 _c20130110 _lUCH01 _h0524 |
||
| 590 |
_aBATCH-UPD _b10 _c20130410 _lUCH01 _h0203 |
||
| 590 |
_aBATCH-UPD _b10 _c20130914 _lUCH01 _h0248 |
||
| 590 |
_aCONVERSION _b10 _c20130109 _lUCH01 _h1342 |
||
| 650 | 1 | 4 |
_aAlpacas _xEnfermedades. _94630 |
| 650 | 1 | 4 |
_aAves de corral _xEnfermedades. _98646 |
| 650 | 1 | 4 |
_aBúfalos _xEnfermedades. _914739 |
| 650 | 1 | 4 |
_aCamellos _xEnfermedades. _917831 |
| 650 | 1 | 4 |
_aConejos _xEnfermedades. _926362 |
| 650 | 1 | 4 |
_aGanado asnal _xEnfermedades. _944965 |
| 650 | 1 | 4 |
_aGanado caballar _xEnfermedades. _944973 |
| 650 | 1 | 4 |
_aGanado cabrío _xEnfermedades. _945007 |
| 650 | 1 | 4 |
_aGanado lanar _xEnfermedades. _945173 |
| 650 | 1 | 4 |
_aGanado mular _xEnfermedades. _945319 |
| 650 | 1 | 4 |
_aGanado porcino _xEnfermedades. _945360 |
| 650 | 1 | 4 |
_aGanado vacuno _xEnfermedades. _945460 |
| 650 | 1 | 4 |
_aLlamas (Zoología) _xEnfermedades. _967244 |
| 650 | 1 | 4 |
_aSanidad animal. _9102221 |
| 810 | 0 | _aFAO | |
| 901 | _aBK | ||
| 905 | _aLilia Sánchez G. | ||
| 942 | _cLIBRO | ||
| 949 |
_a636.08947 F3Y 1995 _bBC _cFAO _d33724000681086 _eFAO1 _h94444 _i87053 _kDonaciØn _sb |
||
| 999 |
_c76474 _d76474 |
||